[Event "British Columbia - Alberta m"]
[Site "Salmon Arm CAN"]
[Date "2026.05.01"]
[Round "1.1"]
[White "Courson, Wade"]
[Black "Keleberda, Tymur"]
[Result "0-1"]
[WhiteElo "1884"]
[BlackElo "2512"]
[WhiteFideId "-1"]
[BlackFideId "-1"]
[PlyCount "60"]
[GameId "2309802767213944"]
[EventDate "2026.05.01"]
[EventType "swiss"]
[EventRounds "5"]
[EventCountry "CAN"]
[SourceTitle "Scoresheet"]
[WhiteTeam "BC"]
[BlackTeam "AB"]

1. e4 c5 2. Nc3 d6 3. g3 Nc6 4. Bg2 g6 5. d3 Bg7 6. Be3 Rb8 7. a4 a6 8. Nf3 Nf6 9. h3 O-O 10. Qd2 Re8 11. d4 b5 12. axb5 axb5 13. e5 cxd4 14. Nxd4 Nxe5 15. Ncxb5 Bb7 16. Bxb7 Rxb7 17. b3 Rxb5 18. f4 Rd5 19. fxe5 dxe5 20. Nc6 Rxd2 21. Nxd8 Rdxd8 22. Ke2 Ne4 23. Kf3 Nc3 24. Ra7 e4+ 25. Kg2 Nd5 26. Bc5 Rc8 27. b4 Bc3 28. Rb7 Red8 29. Rd1 Rxc5 30. bxc5 Ne3+ 0-1

[Event "British Columbia - Alberta m"]
[Site "Salmon Arm CAN"]
[Date "2026.05.02"]
[Round "2.1"]
[White "Keleberda, Tymur"]
[Black "Liu, Zachary"]
[Result "1/2-1/2"]
[WhiteElo "2512"]
[BlackElo "2251"]
[WhiteFideId "-1"]
[BlackFideId "-1"]
[PlyCount "209"]
[GameId "2309802767471997"]
[EventDate "2026.05.01"]
[EventType "swiss"]
[EventRounds "5"]
[EventCountry "CAN"]
[SourceTitle "Scoresheet"]
[WhiteTeam "AB"]
[BlackTeam "BC"]

1. e4 c5 2. Nf3 e6 3. d4 cxd4 4. Nxd4 Nc6 5. Nb5 Nf6 6. N1c3 Bb4 7. a3 Bxc3+ 8. Nxc3 d5 9. exd5 exd5 10. Bd3 O-O 11. O-O d4 12. Ne4 Bf5 13. Bg5 Bxe4 14. Bxe4 h6 15. Bxf6 Qxf6 16. Re1 Rad8 17. Qf3 Qxf3 18. Bxf3 Rd7 19. Rad1 Rfd8 20. Kf1 Na5 21. b3 d3 22. Rxd3 Rxd3 23. cxd3 Nxb3 24. Bxb7 Nc5 25. Be4 Rd4 26. Re3 Ra4 27. Bd5 Rxa3 28. Re8+ Kh7 29. Ke2 Kg6 30. Re3 f5 31. f4 Ra4 32. Bc4 a5 33. Re7 Rb4 34. Rc7 Nb3 35. Rc6+ Kh7 36. Ke3 a4 37. Ra6 g5 {Black offered a draw.} 38. g3 Kg7 39. h4 gxh4 40. gxh4 h5 41. Ra7+ Kh6 42. Bf7 Nc5 43. Ra5 Nxd3 44. Kxd3 Rxf4 45. Ra6+ Kg7 46. Bxh5 Rxh4 47. Bd1 a3 48. Bf3 Rh6 49. Rxa3 Kf6 50. Ke3 Kg5 51. Ra5 Re6+ 52. Kf2 Rb6 53. Be4 Kf4 54. Bxf5 Rb2+ 55. Ke1 Ke3 56. Ra3+ Kd4 57. Bg4 Rb1+ 58. Kf2 Rb8 59. Bf3 Rb2+ 60. Kg3 Rb8 61. Ra4+ Ke5 62. Ra5+ Kd4 63. Bg4 Rb4 64. Kf4 Rc4 65. Be6 Rc6 66. Ra4+ Kc3 67. Ke5 Kd2 68. Bd5 Rc2 69. Kd4 Ke1 70. Bc4 Rd2+ 71. Bd3 Rf2 72. Kc3 Rh2 73. Rf4 Rh1 74. Rf3 Rg1 75. Kd4 Rg2 76. Rh3 Kd2 77. Be4 Rf2 78. Rb3 Kc1 79. Ke3 Re2+ 80. Kd4 Rd2+ 81. Bd3 Rb2 82. Ra3 Kd2 83. Ra1 Rb4+ 84. Bc4 Rb2 85. Rg1 Kc2 86. Ke3 Kc3 87. Bd3 Rb6 88. Rc1+ Kb4 89. Rc4+ Ka5 90. Rc2 Kb4 91. Ke4 Ka5 92. Kd5 Kb4 93. Bc4 Ka5 94. Kc5 Rb5+ 95. Kd4 Rb7 96. Ra2+ Kb6 97. Ra6+ Kc7 98. Bd5 Rb6 99. Ra7+ Kd6 100. Rh7 Rb4+ 101. Bc4 Rb6 102. Rh5 Rc6 103. Bb5 Rc7 104. Rh6+ Ke7 105. Bc6 1/2-1/2

[Event "British Columbia - Alberta m"]
[Site "Salmon Arm CAN"]
[Date "2026.05.02"]
[Round "3.3"]
[White "Yang, Bohan (Henry)"]
[Black "Keleberda, Tymur"]
[Result "1-0"]
[WhiteElo "2206"]
[BlackElo "2512"]
[WhiteFideId "-1"]
[BlackFideId "-1"]
[PlyCount "155"]
[GameId "2309802767533444"]
[EventDate "2026.05.01"]
[EventType "swiss"]
[EventRounds "5"]
[EventCountry "CAN"]
[WhiteTeam "BC"]
[BlackTeam "AB"]

1. d4 d5 2. c4 e6 3. Nf3 a6 4. g3 dxc4 5. Bg2 c5 6. O-O Nc6 7. dxc5 Bxc5 8. Qxd8+ Nxd8 9. Ne5 f6 10. Nxc4 Rb8 11. Bf4 e5 12. Nxe5 fxe5 13. Bxe5 Ba7 14. Bxg7 Nf7 15. Nc3 Ne7 16. Ne4 Nc6 17. Rfd1 Be6 18. Bxh8 Nxh8 19. e3 Ke7 20. Ng5 Bg4 21. Rd5 h6 22. Nf3 Nf7 23. h3 Be6 24. Rd2 Nd6 25. b3 Ne4 26. Rc2 Bf5 27. g4 Bg6 28. Nh4 Bh7 29. Nf5+ Bxf5 30. gxf5 Rg8 31. Kf1 Nc5 32. Bxc6 bxc6 33. b4 Nd7 34. Rxc6 Bb8 35. Rd1 Nf6 36. Rxa6 Kf7 37. Rb6 Rc8 38. Rb7+ Kf8 39. Rd2 Be5 40. a4 Ke8 41. a5 Rc1+ 42. Kg2 Ra1 43. f4 Bc3 44. Rc2 Nd5 45. Kf2 Ra3 46. Rb8+ Ke7 47. Rb7+ Kd6 48. Rh7 Nxb4 49. Rxh6+ Kd5 50. Re2 Ke4 51. f6 Rxa5 52. f7 Rf5 53. Re6+ Kd5 54. Re7 Kd6 55. Rb7 Kc6 56. Ra7 Kb6 57. Re7 Nd5 58. Re6+ Kc5 59. e4 Rxf4+ 60. Kg3 Rxf7 61. exd5 Kxd5 62. Re7 Rf5 63. Kg4 Rf8 64. Rd7+ Kc6 65. Rd1 Rg8+ 66. Kf3 Rf8+ 67. Kg2 Rg8+ 68. Kh1 Bb4 69. Rc2+ Bc5 70. Kh2 Rg5 71. h4 Rh5 72. Kh3 Re5 73. Kg4 Re4+ 74. Kg5 Re5+ 75. Kg6 Kb7 76. Rb1+ Ka8 77. Ra2+ Ba7 78. Rba1 1-0

[Event "British Columbia - Alberta m"]
[Site "Salmon Arm CAN"]
[Date "2026.05.03"]
[Round "5.2"]
[White "Keleberda, Tymur"]
[Black "Nones II, Teodulfo"]
[Result "1/2-1/2"]
[WhiteElo "2512"]
[BlackElo "2308"]
[WhiteFideId "-1"]
[BlackFideId "-1"]
[PlyCount "66"]
[GameId "2309802767586700"]
[EventDate "2026.05.01"]
[EventType "swiss"]
[EventRounds "5"]
[EventCountry "CAN"]
[WhiteTeam "AB"]
[BlackTeam "BC"]

1. d4 d5 2. c4 c6 3. cxd5 cxd5 4. Bf4 Nf6 5. Nc3 Nc6 6. e3 Bf5 7. Qb3 Na5 8. Qa4+ Bd7 9. Qc2 e6 10. Bd3 Nc6 11. a3 Nh5 12. Be5 Nxe5 13. dxe5 g6 14. g4 Ng7 15. h4 h5 16. g5 Bc6 17. Nf3 Be7 18. Nd4 O-O 19. Rd1 Qb6 20. Rd2 Rac8 21. Bxg6 fxg6 22. Qxg6 Be8 23. Qh6 Nf5 24. Qxe6+ Qxe6 25. Nxe6 Bc6 26. Nxd5 Bxd5 27. Rxd5 Rc1+ 28. Rd1 Rfc8 29. e4 Ng7 30. Nxg7 Kxg7 31. f4 R1c4 32. O-O Rxe4 33. Rd7 Rc2 1/2-1/2

[Event "CAN-ch"]
[Site "Montreal CAN"]
[Date "2026.04.02"]
[Round "1.13"]
[White "Keleberda, Tymur"]
[Black "Jiang, Barron Jiyu"]
[Result "1-0"]
[WhiteElo "2329"]
[BlackElo "1972"]
[WhiteFideId "-1"]
[BlackFideId "-1"]
[PlyCount "81"]
[GameId "2298870008417479"]
[EventDate "2026.04.02"]
[EventType "swiss"]
[EventRounds "9"]
[EventCountry "CAN"]

1. e4 c5 2. Nf3 d6 3. c3 Nf6 4. Be2 e5 5. O-O Be7 6. d3 O-O 7. Nbd2 Nc6 8. Re1 h6 9. Nf1 Be6 10. d4 cxd4 11. cxd4 exd4 12. Nxd4 Nxd4 13. Qxd4 d5 14. e5 Ne4 15. Be3 f6 16. f3 Nc5 17. exf6 Rxf6 18. Rac1 Nd7 19. Bd3 Bf7 20. Ng3 Rc6 21. Nf5 Bf6 22. Qb4 Ne5 23. Bb1 Rc4 24. Qb5 b6 25. Rcd1 Rac8 26. b3 Rc3 27. Bd4 R8c5 28. Bxc5 bxc5 29. Re3 Rxe3 30. Nxe3 Ng6 31. Qxc5 d4 32. Ng4 Nf4 33. Nxf6+ gxf6 34. Qf5 Ne2+ 35. Kf2 Nc3 36. Qh7+ Kf8 37. Qxh6+ Ke7 38. Re1+ Kd7 39. Qg7 Qg8 40. Bf5+ Kc6 41. Qxf6+ 1-0

[Event "CAN-ch"]
[Site "Montreal CAN"]
[Date "2026.04.02"]
[Round "2.9"]
[White "Zhong, Ryan Yunhui"]
[Black "Keleberda, Tymur"]
[Result "0-1"]
[WhiteElo "2007"]
[BlackElo "2329"]
[WhiteFideId "-1"]
[BlackFideId "-1"]
[PlyCount "144"]
[GameId "2298870070508892"]
[EventDate "2026.04.02"]
[EventType "swiss"]
[EventRounds "9"]
[EventCountry "CAN"]

1. e4 c5 2. Nf3 Nc6 3. Bb5 e6 4. O-O Nge7 5. Re1 a6 6. Bf1 d5 7. exd5 Nxd5 8. d4 Nf6 9. c3 cxd4 10. cxd4 Be7 11. Nc3 O-O 12. a3 b5 13. Bd3 Bb7 14. Bc2 Qc7 15. Bg5 Rfd8 16. Qd3 g6 17. Rac1 Ng4 18. Bxe7 Nxd4 19. Ne4 Nxc2 20. Bxd8 Nxe1 21. Rxc7 Nxd3 22. Nf6+ Nxf6 23. Bxf6 Rc8 24. Rxc8+ Bxc8 25. g3 Bb7 26. Nd2 Nc5 27. Bd4 Nd7 28. Nb3 e5 29. Nc5 exd4 30. Nxd7 Kg7 31. f4 a5 32. Kf2 Bd5 33. Ke2 Bc4+ 34. Kd2 a4 35. Ne5 Kf6 36. Nf3 Kf5 37. Nxd4+ Kg4 38. Ke3 Kh3 39. Nf3 Bd5 40. Ng5+ Kxh2 41. Nxh7 Kxg3 42. Nf6 Bc6 43. Ng8 Bb7 44. Nf6 Bc6 45. Ng8 f5 46. Ne7 Be8 47. Nd5 Bf7 48. Nc3 Bc4 49. Nd1 Kg4 50. Nf2+ Kh4 51. Kf3 Bf1 52. Nd1 Bd3 53. Nf2 Bc4 54. Nd1 Bd5+ 55. Kf2 g5 56. Ne3 Be4 57. fxg5 Kxg5 58. Nd1 f4 59. Nc3 Bc6 60. Ne2 Be8 61. Nd4 Kf6 62. b3 b4 63. axb4 a3 64. Nc2 a2 65. Kf3 Ke5 66. Na1 Bc6+ 67. Ke2 Kd4 68. Kd2 f3 69. Nc2+ Ke4 70. b5 Bxb5 71. Ke1 Bd3 72. Na1 Ke3 0-1

[Event "CAN-ch"]
[Site "Montreal CAN"]
[Date "2026.04.03"]
[Round "3.6"]
[White "Keleberda, Tymur"]
[Black "Wu, Jonathan"]
[Result "1-0"]
[WhiteElo "2329"]
[BlackElo "2149"]
[WhiteFideId "-1"]
[BlackFideId "-1"]
[PlyCount "69"]
[GameId "2300637566487604"]
[EventDate "2026.04.02"]
[EventType "swiss"]
[EventRounds "9"]
[EventCountry "CAN"]

1. e4 c5 2. Nf3 d6 3. d4 cxd4 4. Nxd4 Nf6 5. Nc3 a6 6. Nb3 g6 7. f3 Bg7 8. Be3 Nbd7 9. Qd2 h5 10. Be2 Qc7 11. O-O O-O 12. Kh1 Ne5 13. Bh6 Nc4 14. Bxc4 Qxc4 15. Bxg7 Kxg7 16. Rae1 b5 17. Nd5 Nxd5 18. exd5 e6 19. dxe6 Bxe6 20. Qxd6 Rfd8 21. Qe5+ Kg8 22. Rf2 Rd5 23. Qe3 Rad8 24. c3 b4 25. Nd4 Bc8 26. Rfe2 Bd7 27. h3 Qxa2 28. b3 Qa5 29. c4 Rd6 30. Qf4 Bxh3 31. Re7 Bf5 32. Qh6 Bd7 33. Rxf7 Kxf7 34. Qh7+ Kf8 35. Re7 1-0

[Event "CAN-ch"]
[Site "Montreal CAN"]
[Date "2026.04.03"]
[Round "4.2"]
[White "Keleberda, Tymur"]
[Black "Noritsyn, Nikolay"]
[Result "1/2-1/2"]
[WhiteElo "2329"]
[BlackElo "2452"]
[WhiteFideId "-1"]
[BlackFideId "-1"]
[PlyCount "67"]
[GameId "2301396834445922"]
[EventDate "2026.04.02"]
[EventType "swiss"]
[EventRounds "9"]
[EventCountry "CAN"]

1. e4 e5 2. Nf3 Nc6 3. Bb5 a6 4. Ba4 Nf6 5. O-O Be7 6. Re1 b5 7. Bb3 d6 8. c3 O-O 9. h3 a5 10. a4 b4 11. d4 bxc3 12. bxc3 exd4 13. cxd4 d5 14. Ne5 Nb4 15. exd5 Nfxd5 16. Nd2 Ra6 17. Ne4 Be6 18. Bc4 Rb6 19. Bd2 f6 20. Nf3 Kh8 21. Nc5 Bf7 22. Rc1 Bd6 23. Bxb4 Rxb4 24. Ne6 Bxe6 25. Rxe6 Nf4 26. Re3 Qd7 27. Bb5 Qf5 28. Qc2 Qxc2 29. Rxc2 Nd5 30. Re1 Nb6 31. Ra2 g6 32. g3 Kg7 33. Kg2 Rf7 34. Bc6 1/2-1/2

[Event "CAN-ch"]
[Site "Montreal CAN"]
[Date "2026.04.04"]
[Round "5.4"]
[White "Razin, Vadim"]
[Black "Keleberda, Tymur"]
[Result "0-1"]
[WhiteElo "2342"]
[BlackElo "2329"]
[WhiteFideId "-1"]
[BlackFideId "-1"]
[PlyCount "82"]
[GameId "2301678666588592"]
[EventDate "2026.04.02"]
[EventType "swiss"]
[EventRounds "9"]
[EventCountry "CAN"]

1. d4 d5 2. Nf3 e6 3. c4 a6 4. Bg5 Be7 5. Bxe7 Nxe7 6. e3 O-O 7. Nbd2 Nbc6 8. Rc1 f6 9. Qc2 Kh8 10. a3 Qe8 11. Bd3 Qh5 12. Nf1 Qh6 13. Ng3 f5 14. Ne2 g5 15. h4 g4 16. Nd2 dxc4 17. Bxc4 b5 18. Ba2 Bb7 19. Nb3 g3 20. f4 Nd8 21. Qxc7 Ng6 22. Nc5 Bxg2 23. Rg1 Bf3 24. Nxg3 Qxh4 25. Rc2 Rf7 26. Qb6 Nxf4 27. exf4 Qxf4 28. Ne2 Qh4+ 29. Ng3 Qxd4 30. Na4 Qd1+ 31. Kf2 Qxc2+ 32. Kxf3 Qd3+ 33. Kf2 bxa4 34. Qc5 Qd2+ 35. Kf3 Qh6 36. Rh1 Qf8 37. Qc4 Qg7 38. Qc1 Qg4+ 39. Kf2 Qd4+ 40. Kf3 Rg7 41. Nh5 Qe4+ 0-1

[Event "CAN-ch"]
[Site "Montreal CAN"]
[Date "2026.04.04"]
[Round "6.1"]
[White "Keleberda, Tymur"]
[Black "Rodrigue-Lemieux, Shawn"]
[Result "1/2-1/2"]
[WhiteElo "2329"]
[BlackElo "2530"]
[WhiteFideId "-1"]
[BlackFideId "-1"]
[PlyCount "73"]
[GameId "2294712916705280"]
[EventDate "2026.04.02"]
[EventType "swiss"]
[EventRounds "9"]
[EventCountry "CAN"]

1. e4 c6 2. d4 d5 3. e5 c5 4. dxc5 e6 5. a3 Bxc5 6. b4 Be7 7. Qg4 g6 8. Nf3 a5 9. bxa5 Nc6 10. Bd3 Qxa5+ 11. Bd2 Qa4 12. Qxa4 Rxa4 13. Ke2 f6 14. Nc3 Ra8 15. Nb5 Kf7 16. Bc3 fxe5 17. Nxe5+ Nxe5 18. Bxe5 Nf6 19. a4 Rd8 20. c4 Bd7 21. Rhb1 Rdc8 22. Nc7 dxc4 23. Bxc4 Ra5 24. Bb5 Bxb5+ 25. Rxb5 Rxb5 26. Nxb5 Rc2+ 27. Kf3 Nd7 28. Bd4 e5 29. Be3 Ke6 30. a5 Nb8 31. Na3 Rb2 32. Nc4 Rb4 33. Nd2 Rb5 34. Ne4 Na6 35. g4 Bd8 36. Rd1 Be7 37. Ra1 1/2-1/2

[Event "CAN-ch"]
[Site "Montreal CAN"]
[Date "2026.04.06"]
[Round "7.3"]
[White "Sambuev, Bator"]
[Black "Keleberda, Tymur"]
[Result "1-0"]
[WhiteElo "2422"]
[BlackElo "2329"]
[WhiteFideId "-1"]
[BlackFideId "-1"]
[PlyCount "69"]
[GameId "2295923928576000"]
[EventDate "2026.04.02"]
[EventType "swiss"]
[EventRounds "9"]
[EventCountry "CAN"]

1. d4 d5 2. c4 c6 3. Nf3 Nf6 4. e3 Bf5 5. Nc3 a6 6. h3 e6 7. Nh4 Be4 8. Qb3 Qc7 9. Be2 Nbd7 10. cxd5 exd5 11. O-O Bd6 12. Nxe4 Nxe4 13. Nf5 Bh2+ 14. Kh1 g6 15. f3 gxf5 16. fxe4 fxe4 17. Bd2 O-O 18. Rf5 Kh8 19. Rc1 Rg8 20. Bg4 Rg7 21. Ba5 b6 22. Be1 Rag8 23. Qa4 Bg3 24. Rxc6 Qb8 25. Qd1 Nf8 26. Rcf6 Qc7 27. Rxd5 Qc4 28. Rdf5 Bb8 29. d5 Nd7 30. Rxf7 Rxf7 31. Rxf7 Ne5 32. Bc3 Rd8 33. Be6 Qd3 34. Qh5 Qb1+ 35. Kh2 1-0

[Event "CAN-ch"]
[Site "Montreal CAN"]
[Date "2026.04.06"]
[Round "8.5"]
[White "Jaferian, Koosha"]
[Black "Keleberda, Tymur"]
[Result "1/2-1/2"]
[WhiteElo "2231"]
[BlackElo "2329"]
[WhiteFideId "-1"]
[BlackFideId "-1"]
[PlyCount "60"]
[GameId "2296014632177664"]
[EventDate "2026.04.02"]
[EventType "swiss"]
[EventRounds "9"]
[EventCountry "CAN"]

1. e4 c5 2. Nf3 d6 3. d4 cxd4 4. Nxd4 Nf6 5. Nc3 a6 6. f4 g6 7. e5 Nh5 8. Be3 Bg7 9. Qf3 Nxf4 10. exd6 e5 11. Bxf4 O-O 12. O-O-O exd4 13. Nd5 Nc6 14. Re1 Qa5 15. Bc4 Be6 16. Ne7+ Nxe7 17. Bxe6 fxe6 18. dxe7 Rfe8 19. Qb3 Rxe7 20. Rxe6 Rxe6 21. Qxe6+ Kh8 22. Bd2 Qb5 23. Re1 Rf8 24. g3 d3 25. c3 a5 26. Qb3 Qc6 27. Qe6 Qb5 28. Qb3 Qc6 29. Qe6 Qa4 30. Qb3 Qc6 1/2-1/2

[Event "CAN-ch"]
[Site "Montreal CAN"]
[Date "2026.04.07"]
[Round "9.6"]
[White "Keleberda, Tymur"]
[Black "Latorre, Vincent"]
[Result "1-0"]
[WhiteElo "2329"]
[BlackElo "2304"]
[WhiteFideId "-1"]
[BlackFideId "-1"]
[PlyCount "91"]
[GameId "2296289280446464"]
[EventDate "2026.04.02"]
[EventType "swiss"]
[EventRounds "9"]
[EventCountry "CAN"]

1. e4 e5 2. Nf3 Nc6 3. Bb5 a6 4. Ba4 Nf6 5. Nc3 b5 6. Bb3 Be7 7. Nd5 O-O 8. d3 d6 9. a4 b4 10. Nxf6+ Bxf6 11. Bd5 Bd7 12. g4 Rb8 13. g5 Be7 14. h4 Na5 15. g6 hxg6 16. h5 g5 17. Rg1 c6 18. Ba2 g4 19. Nh2 Kh8 20. Nxg4 f5 21. exf5 Bxf5 22. Ne3 Bh4 23. Nxf5 Rxf5 24. Be3 Qf6 25. Rg6 Rg5 26. Rxf6 Rg1+ 27. Ke2 Rxd1 28. Rxd1 Bxf6 29. Be6 Nb7 30. h6 Nd8 31. Bf5 Nf7 32. Rh1 a5 33. b3 Kg8 34. Be6 Kf8 35. h7 g6 36. Bd7 c5 37. Bc6 Kg7 38. Be4 Rh8 39. Rg1 g5 40. Kf3 Rd8 41. Bd5 Rh8 42. Ke4 Rxh7 43. Be6 Be7 44. Kd5 Kf6 45. Rg3 Rh8 46. Rf3+ 1-0